00829nam a2200265 a 4500999001500000001000400015003000900019005001700028008004300045020001600088040002600104082001600130100002000146245009400166250001200260260005200272300003100324504002000355650001300375700001700388700001800405700001400423942001200437952011400449 c7701d7701743BD-DhUAP20210128154704.0210128s1995 enka 001 0 eng d  a0521498554  aUkcUkdBD-DhUAPbeng04a574 GRE2231 aGreen, N. P. O.00aBiological science /cN. P. O. Green, G. W. Stout and D. J. Taylor ; edited by R. Soper. a2nd ed. aCambridge :bCambridge University Press,c1995. avii,472p. :bill. ;c28cm. aIncludes index. 0aBiology.1 aStout, G. W. aTaylor, D. J. aSoper, R. 2ddccBK 00102ddc4070aUAPCLbUAPCLcReserve Stacksd2021-01-28o574 GREp3010000743r2021-01-28t1w2021-01-28yBK